| 000 | 00431nam a2200181Ia 4500 | ||
|---|---|---|---|
| 001 | 47812 | ||
| 008 | 140429s9999 xx 000 0 und d | ||
| 020 | _aNA | ||
| 040 | _cPK-LaUMT | ||
| 082 |
_aRHC 891.4393 _bUME-H |
||
| 100 | _aUme Zubair | ||
| 245 |
_aHayaat-e-nau (Urdu) _cUme Zubair |
||
| 260 |
_aLahore,Pakistan: _bIdarah-e-Batool, _c1978 |
||
| 300 | _a224 p. | ||
| 546 | _aUR | ||
| 650 | _aUrdu literature | ||
| 942 | _cBK | ||
| 999 |
_c45693 _d45693 |
||